00862nam a22001817a 4500008004100000020001800041050002100059100002200080245017100102260002600273300002400299500015600323650003900479700003000518942001200548952010300560999001700663150813b 2013mx ||||| |||| 00| 0 spa d a978607772366014aBF161 P7518 20131 aPROMISLOW, Sharon10aHaciendo la conexión mente-cuerpo con gimnasia para el cerebro:buna divertida guía para liberar los bloqueos físicos, emosionales y mentales/cSharon Promislow aMéxico:bPax,c2013 a204 páginas:bil. aPrólogo \ Bibliografía y materiales recomendados \ Índice analítico \ Avances de próximas atracciones \ Traducción por: Florencia Podestá14vAUTORREALIZACIÓNxMENTE Y CUERPO12aPODESTÁ, Florenciaetr. 2lcccLB 00102lcc4070a07b07d2015-08-13l0oBF161 P7518 2013p07 005410r2015-08-13t1w2015-08-13yLB c97670d97670